000 00599nam a2200205 i 4500
001 bg
100 1 _aDZIECH, Andrzej
245 0 _aSystemy kodowe :
_blaboratorium /
_cAndrzej Dziech.
260 _aKielce,
_c1982.
490 1 _aSkrypty Uczelniane Politechniki Świętokrzyskiej ;
_vnr 97
650 9 _aTeoria informacji
_xzagadnienia
650 9 _aKody
655 _aPodręczniki akademickie
830 _aSkrypty Uczelniane Politechniki Świętokrzyskiej ;
040 _cBPK
041 _apol
080 _a621.391(075.8)(076)
942 _cKS
008 s pl f |000 0 pol
999 _c21067
_d21067
856 _uhttp://koha.tu.koszalin.pl/cgi-bin/koha/opac-detail.pl?biblionumber=21067
_yKatalog online BPK